000 00386cam a22001337a 4500
008 180718b1972 xxu||||| |||| 00| 0 eng d
082 _aI5 St49re
100 _aStewart, Rosemary
245 _aReality of organizations: a guide for managers and students
_cby Rosemary Stewart
260 _aNew York
_bDoubledey
_c1972
300 _a222p.
650 _aOrganization
650 _aManagement
999 _c355028
_d355028